000 00584nam a2200277Ia 4500
005 20260127113122.0
008 008 260114s9999 xx 000 0 eng d
020 _a8188794228
037 _aTextbook
040 _aPSDL
040 _beng
040 _cPSDL
041 _2eng
041 _aeng
084 _qPSDL
100 _aSuamn, Manju
_91109974
245 0 _aDalit Naari
245 0 _cSuamn, Manju
260 _aDelhi
260 _bSamyak Prakashan
260 _c2004
300 _a310p.
942 _cTB
999 _c1675972
_d1675972